header

The accessible games book (Record no. 27124)

MARC details
000 -LEADER
fixed length control field 01283nam a2200349 a 4500
082 04 - DEWEY DECIMAL CLASSIFICATION NUMBER
Classification number 790.196
100 1# - MAIN ENTRY--AUTHOR NAME
Personal name Marl, Katie,
245 14 - TITLE STATEMENT
Title The accessible games book
250 ## - EDITION STATEMENT
Edition statement [New ed.].
260 ## - PUBLICATION, DISTRIBUTION, ETC. (IMPRINT)
Place of publication London ;
-- Philadelphia :
Name of publisher Jessica Kingsley Publishers,
Year of publication 1999.
300 ## - PHYSICAL DESCRIPTION
Number of Pages 112 p.
500 ## - GENERAL NOTE
General note Previous ed.: 1996.
General note Includes index.
650 #0 - SUBJECT ADDED ENTRY--TOPICAL TERM
Topical Term Children with disabilities
Topical Term People with disabilities
Topical Term Educational games.
856 40 - ELECTRONIC LOCATION AND ACCESS
Uniform Resource Identifier http://site.ebrary.com/lib/rucke/Doc?id=10015183

No items available.

© 2026 Rongo University
Contact us: librarian | system librarian | Rongo university